Normal view
MARC view
Entry Geographic Name
001 - CONTROL NUMBER
- control field: 18482
003 - CONTROL NUMBER IDENTIFIER
- control field: BD-RjUL
005 - DATE AND TIME OF LATEST TRANSACTION
- control field: 20260514121311.0
008 - FIXED-LENGTH DATA ELEMENTS
- fixed length control field: 260514|| aca||aabn | a|a d
040 ## - CATALOGING SOURCE
- Original cataloging agency: BD-RjUL
- Transcribing agency: BD-RjUL
151 ## - HEADING--GEOGRAPHIC NAME
- Geographic name: Bangladesh
- Chronological subdivision: Liberation war, 1971
670 ## - SOURCE DATA FOUND
- Source citation: Work cat.: (BD-RjUL)86478: ঊর্মি, তানিয়া 18479, সেতারে স্বাধীনতার সুর : , ২০২৫